Statistiques concernant Pays africain par PIB par habitant

Cliquez ici pour prendre le quiz!

Statistiques générales

  • Ce quiz a été pris 49 fois
  • Le résultat moyen est 17 sur 54

Statistiques - réponses

HintRéponse% Correct
6Algérie
72%
1Guinée Equatoriale
72%
2Seychelles
69%
3Maurice
63%
8Afrique du Sud
59%
9Egypte
56%
4Gabon
56%
13Maroc
56%
7Libye
53%
11Tunisie
53%
5Botswana
50%
10Namibie
50%
54Somalie
47%
52Burundi
41%
48Niger
41%
51République Démocratique du Congo
41%
14Angola
38%
53République Centrafricaine
34%
20Ghana
31%
47Mozambique
31%
23Kenya
28%
17Nigéria
28%
29Sénégal
28%
21Zambie
28%
15Congo
25%
34Cote d'Ivoire
25%
46Erythrée
25%
12Eswatini
25%
43Madagascar
25%
49Malawi
25%
18Soudan
25%
28Tanzanie
25%
40Zimbabwe
25%
26Cameroun
22%
16Cap Vert
22%
44Comores
22%
24Djibouti
22%
35Ethiopie
22%
50Libéria
22%
38Soudan du Sud
22%
42Togo
22%
32Benin
19%
27Lesotho
19%
31Mali
19%
33Ouganda
19%
22Rwanda
19%
30Tchad
19%
36Burkina Faso
16%
39Gambie
16%
45Guinée
16%
25Sao tomé et Principe
16%
37Sierra Leone
16%
19Mauritanie
13%
41Guinée Bissau
9%

Distribution des résultats

Percentile par nombre de réponses

% des personnes avec chaque résultat

Votre développement - résultats

Vous n’avez pas pris ce quiz